Prices, income, and public policy : (Record no. 42447)
[ view plain ]
| 000 -LEADER | |
|---|---|
| fixed length control field | 00873nam a2200277 a 4500 |
| 001 - CONTROL NUMBER | |
| control field | 42447 |
| 003 - CONTROL NUMBER IDENTIFIER | |
| rucl marc code | BD-RjUL |
| 005 - DATE AND TIME OF LATEST TRANSACTION | |
| control field | 20211209053537.0 |
| 008 - FIXED-LENGTH DATA ELEMENTS--GENERAL INFORMATION | |
| fixed length control field | 160612s1954 nyua 001 0 eng u |
| 035 ## - SYSTEM CONTROL NUMBER | |
| System control number | (BD-RjUL) 42565 |
| 040 ## - CATALOGING SOURCE | |
| Original cataloging agency | CSU |
| Modifying agency | OCL |
| -- | UKM |
| -- | EQO |
| -- | BD-RjUL |
| Language of cataloging | eng |
| Transcribing agency | BD-RjUL |
| 041 ## - LANGUAGE CODE | |
| Language code of text/sound track or separate title | eng |
| 082 ## - DEWEY DECIMAL CLASSIFICATION NUMBER | |
| Classification number | 330 |
| Edition number | 18 |
| Author mark and year | ALP 1954 |
| 100 1# - MAIN ENTRY--PERSONAL NAME | |
| Personal name | Allen, Clark Lee. |
| 9 (RLIN) | 130573 |
| 245 10 - TITLE STATEMENT | |
| Title | Prices, income, and public policy : |
| Remainder of title | the ABC's of economics / |
| Statement of responsibility, etc. | Clark Lee Allen, James M. Buchanan, Marshall R. Colberg |
| 260 ## - PUBLICATION, DISTRIBUTION, ETC. (IMPRINT) | |
| Place of publication, distribution, etc. | New York : |
| Name of publisher, distributor, etc. | McGraw-Hill, |
| Date of publication, distribution, etc. | 1954 |
| 300 ## - PHYSICAL DESCRIPTION | |
| Pagination | 418 p. : |
| Illustrations | ill. ; |
| Size | 24 cm. |
| 500 ## - GENERAL NOTE | |
| General note | Includes index |
| 650 #0 - SUBJECT ADDED ENTRY--TOPICAL TERM | |
| Topical term or geographic name as entry element | Prices |
| 9 (RLIN) | 130574 |
| Topical term or geographic name as entry element | Income |
| 9 (RLIN) | 130575 |
| Topical term or geographic name as entry element | Economic policy |
| 9 (RLIN) | 130576 |
| Topical term or geographic name as entry element | Industrial policy |
| 9 (RLIN) | 125455 |
| 700 ## - ADDED ENTRY--PERSONAL NAME | |
| Personal name | Buchanan, James M. |
| Personal name | Colberg, Marshall R. |
| 942 ## - ADDED ENTRY ELEMENTS (KOHA) | |
| Source of classification or shelving scheme | Dewey Decimal Classification |
| Koha item type | Books |
| Lost status | Source of classification or shelving scheme | Damaged status | Not for loan | Collection code | Permanent Location | Current Location | Shelving location | Date acquired | Source of acquisition | Total Checkouts | Full call number | Date last seen | Copy number | Koha item type | Cost, normal purchase price |
|---|---|---|---|---|---|---|---|---|---|---|---|---|---|---|---|
| Dewey Decimal Classification | Non-fiction | Central Library, University of Rajshahi | Central Library, University of Rajshahi | 05/03/1974 | Canada Govt. | 330 ALP 1954 | 12/06/2016 | C-2 | Books | ||||||
| Dewey Decimal Classification | Non-fiction | Central Library, University of Rajshahi | Central Library, University of Rajshahi | 05/03/1974 | Canada Govt. | 330 ALP 1954 | 12/06/2016 | C-3 | Books | ||||||
| Dewey Decimal Classification | Non-fiction | Central Library, University of Rajshahi | Central Library, University of Rajshahi | 07/07/1955 | Far CoC Bub | 330 ALP 1954 | 28/07/2016 | C-4 | Books | 20.00 |